| 000 | 00622nam a2200217 i 4500 | ||
|---|---|---|---|
| 001 | 94076 | ||
| 003 | ES-MaACL | ||
| 005 | 20250315062551.0 | ||
| 007 | t| | ||
| 008 | 050131s1960 sp ||||1| spa d | ||
| 080 | _a821.134.2-14"19" | ||
| 100 | 1 |
_aBrines, Francisco, _d1932-2021 _931751 |
|
| 245 | 1 | 4 |
_aLas brasas / _cFrancisco brines. |
| 260 |
_aMadrid : _bRialp, _c1960. |
||
| 300 |
_a55 p. ; _c15 cm. |
||
| 490 | 1 |
_aAdonáis ; _v173 |
|
| 586 | _aPremio Adonáis 1959 | ||
| 830 | 1 | 0 |
_aAdonáis _v173 _9173743 |
| 852 | 4 |
_aES-MaACL _jJ-23-173 _z- Dedicatoria autógrafa del autor |
|
| 999 |
_c94076 _d94076 |
||